El seguro sobre la vida en España / (Record no. 168603)

MARC details
000 -LEADER
campo de control de longitud fija 00446nam a22001455i 4500
001 - NÚMERO DE CONTROL
campo de control 168603
003 - IDENTIFICADOR DE NÚMERO DE CONTROL
campo de control ES-MaACL
005 - FECHA Y HORA DE LA ÚLTIMA TRANSACCIÓN
campo de control 20230906213830.0
008 - DATOS DE LONGITUD FIJA--INFORMACIÓN GENERAL
campo de control de longitud fija 080423s1932 sp |||| | spa d
100 1# - ENTRADA PRINCIPAL--NOMBRE DE PERSONA
Nombre de persona Madariaga, César de.
9 (RLIN) 75282
245 13 - MENCIÓN DEL TÍTULO
Título El seguro sobre la vida en España /
Mención de responsabilidad, etc. por Cesar de Madariaga.
260 ## - PUBLICACIÓN, DISTRIBUCIÓN, ETC.
Lugar de publicación, distribución, etc. Madrid :
Nombre del editor, distribuidor, etc. [s.n.],
Fecha de publicación, distribución, etc. 1932 (
Lugar de fabricación/manufactura Imp. de Samarán y Compañía)
300 ## - DESCRIPCIÓN FÍSICA
Extensión 584 p. ;
Dimensiones 20 cm.
852 ## - LOCALIZACIÓN
Ubicación ES-MaACL
Número de control de estantería A-1220
Holdings
Estatus retirado Estado de pérdida Estado de daño No para préstamo Biblioteca de origen Biblioteca actual Ubicación en estantería Fecha de adquisición Fuente de adquisición Total de préstamos Signatura topográfica completa Código de barras Visto por última vez Precio de reemplazo Tipo de ítem Koha
        Biblioteca del Ateneo de Madrid Biblioteca del Ateneo de Madrid Sala Pecera Planta 1 23/04/2008     A-1220 1176930 23/02/2023 23/02/2023 Libro impreso